The protection of hedgerows as part of Britain's cultural heritage (Record no. 71439)

MARC details
000 -LEADER
fixed length control field 00810cam a2200217 4500
001 - CONTROL NUMBER
control field ABS66049
008 - FIXED-LENGTH DATA ELEMENTS--GENERAL INFORMATION
fixed length control field 021024n2002 000 0 eng u
035 ## - SYSTEM CONTROL NUMBER
System control number (Sirsi) u120252
100 ## - MAIN ENTRY--PERSONAL NAME
Personal name Allan, R.
245 #4 - TITLE STATEMENT
Title The protection of hedgerows as part of Britain's cultural heritage
260 ## - PUBLICATION, DISTRIBUTION, ETC.
Date of publication, distribution, etc. 2002
490 ## - SERIES STATEMENT
Series statement Art Antiquity and Law
Volume/sequential designation 7(2) June 2002, 179-194(9)
520 ## - SUMMARY, ETC.
Summary, etc. This study focuses on the changing attitudes towards hedgerows in Britain, exploring the historical reasons for the decline in hedgerows and analysing the effectiveness of provisions for their future protection.
590 ## - LOCAL NOTE (RLIN)
Local note ABS
650 ## - SUBJECT ADDED ENTRY--TOPICAL TERM
Topical term or geographic name entry element HEDGEROWS
650 ## - SUBJECT ADDED ENTRY--TOPICAL TERM
Topical term or geographic name entry element PROTECTION
650 ## - SUBJECT ADDED ENTRY--TOPICAL TERM
Topical term or geographic name entry element HISTORY
650 ## - SUBJECT ADDED ENTRY--TOPICAL TERM
Topical term or geographic name entry element CULTURAL HERITAGE
690 ## - LOCAL SUBJECT ADDED ENTRY--TOPICAL TERM (OCLC, RLIN)
Topical term or geographic name as entry element ENVIRONMENTAL AND LAND CONSULTANCY-ENVIRONMENTAL MANAGEMENT
942 ## - ADDED ENTRY ELEMENTS (KOHA)
Suppress in OPAC 0
Holdings
Withdrawn status Lost status Source of classification or shelving scheme Damaged status Not for loan Home library Current library Shelving location Date acquired Total Checkouts Full call number Barcode Date last seen Copy number Price effective from Koha item type
    Dewey Decimal Classification     London London Journal article 24/10/2002   ABS66049 120252-1001 06/08/2019 1 06/08/2019 Journal article